| 000 | 00741nam a2200229 a 4500 | ||
|---|---|---|---|
| 005 | 20210223132506.0 | ||
| 008 | 141020s2006 mx r 000 0 spa d | ||
| 020 | _a9707016701 | ||
| 035 | _aUPN01000200296 | ||
| 049 | _aCG | ||
| 050 | 4 |
_aKGF3084 _bM5.5 |
|
| 100 | 1 |
_aMinor Molina, José Rafael _936997 |
|
| 245 | 1 | 0 |
_aManual de técnica legislativa / _cJosé Rafael Minor Molina, José Roldán Xopa. |
| 260 |
_aMéxico : _bCámara de Diputados, LIX Legislatura : _bMiguel Angel Porrúa, _cc2006. |
||
| 300 | _a94 p. | ||
| 440 | 0 | _aConocer para decidir | |
| 650 | 4 |
_aLEGISLACION - _zMEXICO _923826 |
|
| 650 | 4 |
_aDERECHO - _xMETODOLOGIA _914471 |
|
| 700 | 1 |
_aRoldán Xopa, José, _ecoaut. _936064 |
|
| 905 | _aLibro | ||
| 999 |
_c172397 _d172397 |
||